000 00393nam a2200133Ia 4500
008 220217s9999||||xx |||||||||||||| ||und||
020 _a978-81-8986-658-7
082 _a621.382 7 SAR
100 _aSarah, P
_95669
245 0 _aLasers and optical fiber communications
260 _aIK International publishing house
_bNew Delhi
_c2008
300 _b225
650 _aOPTICAL COMMUNICATION
999 _c176740
_d176740